000 00712nam a22001817a 4500
008 161104b xxu||||| |||| 00| 0 eng d
020 _a9789717251653
082 _22014
_aDFil 920
_bAg93r
100 _916931
_aAguilar, Reynaldo L.
245 _aRizal:
_bkabayanihan tungo sa globalisasyon/
_cReynaldo L. Aguilar, Ernesto M. Buenaventura and Luisito S. San Valentin.
260 _aPateros, Manila:
_bGrandbooks Publishing Inc.,
_cc2014.
300 _aix, 268 pages;
_c22 cm.
500 _aIncludes bibliographical references.
600 0 _916944
_aRizal, Jose P. -- Biography
_c
700 _916936
_aBuenaventura, Ernesto M.
_eAuthor
700 _916937
_aSan Valentin, Luisito S.
_eAuthor
942 _2ddc
_cDFIL
999 _c5493
_d5493